书目信息 |
| 题名: |
风景园林建筑设计基础
|
|
| 作者: | 夏为 , 毛靓 , 毕迎春 春著 | |
| 分册: | ||
| 出版信息: | 北京 化学工业出版社 2016.6 |
|
| 页数: | 219页 | |
| 开本: | 26cm | |
| 丛书名: | ||
| 单 册: | ||
| 中图分类: | TU986.4 | |
| 科图分类: | ||
| 主题词: | 园林建筑--园林设计--高等学校--教材 | |
| 电子资源: | ||
| ISBN: | 978-7-122-07724-0 | |
| 000 | 00948nam0 2200265 450 | |
| 001 | 0400001957 | |
| 005 | 20171019204912.0 | |
| 010 | @a978-7-122-07724-0@dCNY32.00 | |
| 100 | @a20100531d2016 em y0chiy50 ea | |
| 101 | 0 | @achi |
| 102 | @aCN@b110000 | |
| 105 | @ay z 000yy | |
| 106 | @ar | |
| 200 | 1 | @a风景园林建筑设计基础@9feng jing yuan lin jian zhu she ji ji chu@f夏为,毛靓,毕迎春编 |
| 210 | @a北京@c化学工业出版社@d2016.6 | |
| 215 | @a219页@c图@d26cm | |
| 300 | @a普通高等教育“十一五”规划教材——风景园林建筑系列 | |
| 330 | @a本书共3篇16章,包括风景园林建筑发展、风景园林建筑表现、风景园林建筑技术设计、风景园林建筑场地设计、古今中外著名风景园林建筑实例解析等内容。 | |
| 606 | 0 | @a园林建筑@x园林设计@x高等学校@j教材 |
| 690 | @aTU986.4@v4 | |
| 701 | 0 | @a夏为@9xia wei@4春著 |
| 701 | 0 | @a毛靓@9mao liang@4春著 |
| 701 | 0 | @a毕迎春@9bi ying chun@4春著 |
| 801 | 0 | @aCN@b91MARC@c20171019 |
| 905 | @b1031080-4@dTU986.4@f5@e1118 | |
| 风景园林建筑设计基础/夏为,毛靓,毕迎春编.-北京:化学工业出版社,2016.6 |
| 219页:图;26cm |
| 普通高等教育“十一五”规划教材——风景园林建筑系列 |
| ISBN 978-7-122-07724-0:CNY32.00 |
| 本书共3篇16章,包括风景园林建筑发展、风景园林建筑表现、风景园林建筑技术设计、风景园林建筑场地设计、古今中外著名风景园林建筑实例解析等内容。 |
| ● |
| 相关链接 |
|
|
|
|
正题名:风景园林建筑设计基础
索取号:TU986.4/1118
 
预约/预借
| 序号 | 登录号 | 条形码 | 馆藏地/架位号 | 状态 | 备注 |
| 1 | 1031080 | 210310803 | 第二样本阅览室/ [索取号:TU986.4/1118] | 在馆 | |
| 2 | 1031081 | 210310812 | 密集书库-生命科学系/ [索取号:TU986.4/1118] | 在馆 | |
| 3 | 1031082 | 210310821 | 第三借阅区/ [索取号:TU986.4/1118] | 在馆 | |
| 4 | 1031083 | 210310830 | 第三借阅区/ [索取号:TU986.4/1118] | 在馆 | |
| 5 | 1031084 | 210310849 | 第三借阅区/ [索取号:TU986.4/1118] | 在馆 |